LEADER 01564nam a2200265 i 4500 001 000000255093 003 CaOOAMICUS 005 20220214144017.0 008 170724s1678 it u000 u ita u 013 $a233998 026 $am-i- l-m- tan- cosi (3) 1678 (R) 040 $aSeMil$bita 110 2 $aConsorzio del clero secolare della Chiesa dei SS. Apostoli Pietro e Paolo di Castenuovo di Scrivia .$0(OLS)http://semarc/name/94430 245 10$aInstitutione e regola per il Consortio spirituale o sia Oratorio del clero secolare eretto nella Chiesa parochiale Colleg. Insegne de SS. Apost. Pietro, e Paolo di Castelnuovo di Scrivia al Titolo, & Altare del Signore Crocifisso .. 260 $aIn Milano :$bPer Francesco Vigone,$c1678. 300 $a52 p. ;$c8°. 500 $aFregio xilogr. sul front. - Iniz. fregi xilogr. 500 $aSegn.: A-C8 D2 650 4$aCongregazioni e confraternite religiose - Milano - Sec. 16.-18.$0(OLS)http://semarc/subject/49109 700 1 $aVigone, Francesco,$c.$0(OLS)http://semarc/name/12716 850 $aSeMil 852 $aSeMil$W1$xVenegono$y1$m3Z I 6/9 FA$j205439$B205439$CSeMilBibl$Z2$F218796 $8I 996 $6245$aInstitutione e regola per il Consortio spirituale o sia Oratorio del clero secolare eretto nella Chiesa parochiale Colleg. Insegne de SS. Apost. Pietro, e Paolo di Castelnuovo di Scrivia al Titolo, & Altare del Signore Crocifisso ..$9(OLS)http://semarc/title/411438 996 $6260$aIn Milano :$bPer Francesco Vigone$9(OLS)http://semarc/publisher/57571 LEADER 00691nam a2200181 i 4500 001 000000241985 003 CaOOAMICUS 005 20150525000000.0 008 150525s1834 it u000 u ita u 013 $a220890 040 $aSeMil$bita 245 10$aVol. 3. 300 $a250 p. 773 0 $aBourdaloue, Louis $tOpere complete di Bourdaloue.$dCremona : presso Luigi De Micheli, 1833-1838.$g12$w()31918 773 0 $aBourdaloue, Louis $tPanegirici.$dCremona : presso Luigi De Micheli, 1834.$g3$w()31921 850 $aSeMil 852 $aSeMil$W1$xVenegono$y1$m3F I 414 FA$j192331$B192331$CSeMilBibl$Z2$F203149 $8I 996 $6245$aVol. 3$9(OLS)http://semarc/title/80712